000 00376 a2200133 4500
001 90389
082 _a809.89282 DAR
090 _c42709
_d42709
100 _aDarlison Aleesah
245 _aUnicorn Riders : Krystal's Choice
_bKrystal's Choice
_cillustrated by jill Brailsford
260 _aLondon
_bWalker Books
_c2011
300 _a125p.
500 _aGeneral Collection
942 _aCAE NUST
_k809.89282 DAR
999 _c325462
_d325462